01372nam a2200361Ia 4500001001200000003000800012006001900020007001500039008004100054010001700095020001500112020001500127040002100142035002100163050002400184100001900208245013200227250001200359260004300371300001500414504006600429533015200495650003700647650002700684650003500711650002200746650002200768655002900790700002900819710001700848856012600865999001900991ebr10135492CaPaEBRm u cr cn|||||||||020201s2002 nyu sb 001 0 eng d z 2002022035 z140397912X z0312165617 aCaPaEBRcCaPaEBR a(OCoLC)56018931114aDS145b.P415 2002eb1 aPerry, Marvin.10aAntisemitismh[electronic resource] :bmyth and hate from antiquity to the present /cMarvin Perry and Frederick M. Schweitzer. a1st ed. aNew York :bPalgrave Macmillan,c2002. axx, 309 p. aIncludes bibliographical references (p. [279]-301) and index. aElectronic reproduction.bPalo Alto, Calif. :cebrary,d2009.nAvailable via World Wide Web.nAccess may be limited to ebrary affiliated libraries. 0aAnti-Jewish propagandaxHistory. 0aAntisemitismxHistory. 0aChristianity and antisemitism. 0aBlood accusation. 0aHolocaust denial. 7aElectronic books.2local1 aSchweitzer, Frederick M.2 aebrary, Inc.40uhttp://site.ebrary.com/lib/rucke/Doc?id=10135492zAn electronic book accessible through the World Wide Web; click to view c187871d187871